00477nam a2200157Ia 45000010006000000050017000060080041000230410008000640820027000721000042000992450140001412600009002813000013002906500008003036540008003112008320260306172740.0260306t2007||||xx |||||||||||||| ||spa|| aESP a342.211bP35 T. 3 V. 1 aPeces-Barba Martínez, GregorioeAUT 0aHistoria de los derechos fundamentales:bel contexto social, cultural y político de los derechos. Los rasgos generales de evolución c2007 ac24 cm. aGEN aCDE